Neurolingvistické programování v manažerské praxi efektivní komunikace - motivování - vedení týmů

Gespeichert in:
Bibliographische Detailangaben
1. Verfasser: McDermott, Ian
Weitere Verfasser: O'Connor, Joseph, Gruber, David
Format: Buch
Sprache:Tschechisch
Veröffentlicht: Praha MANAGEMENT PRESS 1999
Schlagworte:
Tags: Tag hinzufügen
Keine Tags, Fügen Sie das erste Tag hinzu!

MARC

LEADER 00000nam a2200000 4500
001 c123282
005 20230220124134.4
020 |a 80-85943-82-4 
041 0 |a cze 
044 |a CZ 
245 1 0 |a Neurolingvistické programování v manažerské praxi  |b efektivní komunikace - motivování - vedení týmů  |c Ian McDermott, Joseph O'Connor ; [z angl. orig. ... přel. David Gruber] 
264 1 |a Praha  |b MANAGEMENT PRESS  |c 1999 
300 |a 222 s. 
610 2 0 |a práca riadiaca 
610 2 0 |a komunikácia masová 
610 2 0 |a tímy pracovné 
610 2 0 |a manažéri 
610 2 0 |a úspech pracovný 
610 2 0 |a psychológia riadenia 
610 2 0 |a psychológia práce 
100 1 |a McDermott, Ian 
700 1 |a O'Connor, Joseph 
700 1 |a Gruber, David